00475 a2200169 450000100060000002000160000604000370002210000270005924000300008624500250011630000070014136200090014865000240015794200070018195201000018899900170028874454 a857472025-9 cAnchieta - Colégio São Paulo aAndreazza, Maria Luiza10aImigrantes no Brasillpor10aImigrantes no Brasil a530 a2000 4aHistória do mundo cBK 00104070a88.1b88.1d2023-11-22l0o909 A557ip5122/CSPr2023-11-22 14:31:22w2023-11-22yBK c74454d74454